| 000 | 00969nam a2200241 a 4500 | ||
|---|---|---|---|
| 001 | 000026126 | ||
| 005 | 20200930024326.0 | ||
| 008 | 110301s1972 mx r 001 0 spa d | ||
| 040 |
_aDO-SdBNP _bspa _cBNPHU |
||
| 041 | 1 | 7 |
_aspa _heng _2Código de idiomas MARC |
| 082 |
_a658.153 _bW458p |
||
| 100 | 1 |
_aWelsch, Glenn A. _948404 |
|
| 240 | 1 | 0 |
_aBudgeting: Profit planning and control. _lEspañol |
| 245 | 1 | 0 |
_aPresupuestos : _bplanificación y control de las utilidades / _cGlenn A. Welsch ; traducción de Manuel de J. Fernández Cepero. |
| 260 |
_aMéxico, D. F. : _bCentro Regional de Ayuda Técnica. Agencia para el Desarrollo Internacional, _c1972. |
||
| 300 |
_a696 p. ; _c23 cm. |
||
| 534 |
_aTítulo de esta obra en inglés : _tBudgeting: Profit planning and control |
||
| 500 | _aIncluye índice. | ||
| 650 | 4 |
_aPresupuesto (empresa privada) _953089 |
|
| 650 | 4 |
_aPolítica financiera _947042 |
|
| 700 | 1 |
_aFernández Cepero, J., _etr. _953090 |
|
| 049 | _aBNGR | ||
| 999 |
_c25618 _d25618 |
||